[Event "1st Goa GM Open 2018"]
[Site "Taleigao"]
[Date "2018.10.15"]
[Round "4"]
[White "Vignesh N R"]
[Black "Mohite, Ranveer"]
[Result "1/2-1/2"]
[WhiteElo "2447"]
[BlackElo "2091"]
[Annotator "TA"]
[PlyCount "84"]
[EventDate "2018.10.13"]
[EventType "swiss"]
[EventCountry "IND"]
[SourceTitle "playchess.com"]
[Source "ChessBase"]
[SourceQuality "1"]

{[%evp 19,84,7,12,0,25,9,44,14,16,0,6,-7,0,-18,-15,-19,-16,-22,0,0,0,-78,0,0,0,0,0,0,0,0,0,0,0,0,0,0,0,0,0,0,0,0,0,0,68,68,68,68,126,132,137,135,158,83,82,0,0,0,0,0,0,0,0,0,0,0,0]} 1. d4 Nf6 2. c4 g6 3. g3 c6 4. Bg2 d5 5. Nd2 Bg7 6. Ngf3 O-O 7. O-O Bf5 8. b3 a5 9. a3 Ne4 10. Bb2 Nd7 {[%cal Bb8d7,Bd7f6,Bf6e4][%mdl 32] LiveBook: 11 Games} 11. Rc1 {D78: Fianchetto Grünfeld: 6 0-0 c6} (11. cxd5 cxd5 12. Ne5 Nxe5 13. dxe5 Qb6 14. Nf3 Rac8 15. Bd4 Qb5 16. Ra2 Rfd8 17. Rb2 Rd7 18. Re1 Rdc7 {0-1 (34) Lazic,M (2476)-Brkic,A (2585) Bihac 2016}) 11... Ndf6 12. e3 $146 ({Predecessor:} 12. Ne5 Qb6 13. c5 Qc7 14. Ndf3 Nd7 15. Nxd7 Bxd7 16. Nd2 f5 17. f4 b5 18. cxb6 Qxb6 19. Nxe4 fxe4 {1-0 (48) Navarro Ortiz de Orruno,B (2187)-Martin Blanco,F (2090) La Roda 2004}) 12... h6 13. Qe2 {White is slightly better.} Qb6 14. h3 g5 15. g4 Bh7 16. Nxe4 Nxe4 17. cxd5 cxd5 18. Nd2 Rac8 19. Bxe4 Bxe4 20. a4 (20. Nxe4 $11 dxe4 21. Bc3) 20... Qg6 (20... Bg6 $17) 21. Nxe4 $11 Qxe4 22. f3 Qe6 23. Qd3 Rxc1 24. Rxc1 Rc8 25. Rxc8+ Qxc8 26. Kg2 e6 27. Bc3 Qc7 28. Be1 Bf8 29. e4 Bb4 30. Bf2 Qc6 31. h4 Qc1 (31... gxh4 $11 32. Bxh4 dxe4 33. fxe4 Qc1) 32. exd5 $14 exd5 33. hxg5 $1 hxg5 ({Black should play} 33... Qxg5 $14 34. Qb5 h5) 34. Qf5 $16 Bd2 35. Qxd5 Be3 {[#]} 36. Bxe3 ({Worse is} 36. Qxb7 Bxf2 37. Qb8+ (37. Kxf2 Qd2+ 38. Kf1 Qd3+ 39. Kg1 Qd1+ 40. Kh2 Qd2+ 41. Kh3 Qd1 $11) 37... Kh7 $11) (36. Qxa5 Qb2 $11) (36. Qd8+ $142 $1 Kg7 37. Qxa5 Bxf2 38. Kxf2) 36... Qxe3 {[#]} 37. Qxa5 {[%mdl 4096] Endgame KQ-KQ} ({Better is} 37. Qd8+ $1 $16 Kg7 38. Qxa5) 37... Qe2+ $11 {The position is equal.} 38. Kg3 Qe3 39. Kg2 Qe2+ 40. Kg1 Qe3+ $1 41. Kg2 Qe2+ 42. Kg3 Qe3 {Precision: White = 58%, Black = 71%.} 1/2-1/2

[Event "1st Goa GM Open 2018"]
[Site "Taleigao"]
[Date "2018.10.15"]
[Round "4"]
[White "Himanshu, Sharma"]
[Black "Idani, Pouya"]
[Result "0-1"]
[WhiteElo "2444"]
[BlackElo "2588"]
[Annotator "TA"]
[PlyCount "142"]
[EventDate "2018.10.13"]
[EventType "swiss"]
[EventCountry "IND"]
[SourceTitle "playchess.com"]
[Source "ChessBase"]
[SourceQuality "1"]

{[%evp 16,142,6,-13,-10,-10,-8,-19,-15,-24,-6,-23,-18,-45,-20,-29,-24,-40,-18,-32,-33,-179,-40,-54,-48,-82,-67,-89,-64,-55,-77,-85,-48,-54,6,-83,-58,-145,-158,-148,-164,-147,-155,-155,-147,-152,-143,-198,-187,-199,-138,-142,-127,-215,-193,-238,-231,-950,-222,-295,-287,-256,-218,-226,0,-259,-210,-205,-229,-218,-218,-196,-187,-182,-179,-178,-180,-196,-196,-195,-189,-189,-189,-178,-159,-486,-486,-456,-424,-515,-502,-483,-464,-425,-397,-418,-412,-389,-376,-418,-418,-390,-383,-381,-381,-350,-329,-573,-537,-633,-627,-478,-390,-1178,-1159,-963,-847,-29983,-29984,-29987,-29984,-29984,-29984,-29987,-29988,-29990,-29991,-29991,-29992]} 1. e4 c5 2. Nc3 d6 3. g3 Nc6 4. Bg2 g6 5. d3 Bg7 6. f4 e5 7. Nf3 Nge7 8. O-O O-O 9. Kh1 {LiveBook: 4 Partien. B25: Sizilianisch (Geschlossenes System)} Rb8 10. Be3 Nd4 11. Qd2 $1 {Die Stellung ist ausgeglichen.} b5 12. a3 Bg4 $146 ({Vorgänger:} 12... a5 13. Bg1 exf4 14. gxf4 b4 15. axb4 axb4 {0-1 (58) Thorhallsson,T (2400)-Arnason,J (2520) Iceland 1989}) 13. fxe5 dxe5 14. Ng1 Be6 15. Rf2 Qd7 16. Nce2 Nec6 17. Nc1 Qd6 $36 {[%mdl 2048] Schwarz hat Initiative.} 18. Bh6 {[#]} (18. Qd1 $15) 18... f6 (18... Nxc2 $1 $19 {[%mdl 512]} 19. Bxg7 (19. Qxc2 Bxh6) 19... Nxa1 20. Bxf8 Rxf8) 19. Bxg7 Kxg7 20. b4 Rbd8 {[%cal Rc5b4]} 21. Rb1 Bg8 22. c3 {Schwarz muss nun bxc5 beachten.} Ne6 23. Qe3 a6 24. Nf3 Rf7 (24... a5 $15) 25. Rbb2 (25. Rd2 $11 {hält das Gleichgewicht.}) 25... Rc7 26. Rfd2 (26. Ne1 $15) 26... cxb4 $17 27. axb4 {[#]} Ncd4 $1 {[%mdl 512]} 28. Na2 (28. cxd4 Rxc1+) 28... Nxf3 29. Bxf3 Ng5 30. d4 Qb6 31. Kg2 (31. Bg2 $17) 31... Rcd7 $19 {[%cal Re5d4]} 32. Nc1 Bc4 (32... exd4 $19 33. cxd4 Bc4) 33. Ne2 $17 Bxe2 34. Qxe2 (34. Rxe2 $17 {kämpft weiter.} exd4 35. cxd4) 34... exd4 $19 35. cxd4 Rxd4 36. h4 $2 (36. Rxd4 Qxd4 37. h4 Nxf3 38. Kxf3) 36... Nf7 $2 (36... Rxd2 37. Rxd2 Rxd2 38. Qxd2 Qg1+ $1 {[%mdl 512]} 39. Kxg1 Nxf3+ 40. Kf2 Nxd2) 37. Rxd4 Qxd4 38. Qf2 Qc3 39. Qc2 Qd4 $2 ({Günstiger ist} 39... Qe5 $19 {Und weiter mit ...Td4 wäre nett.} 40. Qc1 Rd4) 40. Rb1 $2 {[%mdl 8192]} (40. Qf2 $1 $11 {und Weiss ist OK.}) 40... Qd2+ 41. Qxd2 Rxd2+ {[%mdl 4096] Endspiel KTL-KTS} 42. Kf1 Ne5 43. Be2 Rd4 44. Ra1 Rxe4 45. Rxa6 Rxb4 46. Ra7+ Kh6 47. Rb7 Rb1+ 48. Kf2 b4 49. g4 b3 50. g5+ $2 (50. Rb5 $17) 50... fxg5 51. hxg5+ Kxg5 52. Rxh7 Ng4+ 53. Kf3 {[#]} Rc1 $1 54. Rb7 Rc3+ 55. Kg2 {Weiss hofft, mit Tb5+ fortzusetzen.} Ne3+ ({Viel schwächer ist} 55... Rc2 56. Kf3 $19) 56. Kf2 Nc2 57. Bf3 Kf4 58. Rf7+ Ke5 59. Re7+ Kf6 60. Rb7 Nd4 61. Be4 $2 (61. Bd5 {ist wohl besser.}) 61... g5 62. Rb6+ Ke5 63. Bh7 Rh3 64. Bg8 $2 {[#]} (64. Rb7) 64... b2 $1 65. Ba2 {[#]} (65. Rxb2 Rh2+) 65... Rb3 $1 {[%mdl 512]} 66. Rxb3 (66. Bxb3 b1=Q) 66... Nxb3 {KL-KS. Schwarz setzt Matt.} 67. Ke3 Nc5 68. Bb1 g4 {[%cal Bg5g4,Bg4g3,Bg3g2][%mdl 32]} 69. Kd2 Ne4+ 70. Kc2 g3 71. Kxb2 g2 {Precision: Weiß = 36%, Schwarz = 61%.} 0-1

[Event "1st Goa GM Open 2018"]
[Site "Taleigao"]
[Date "2018.10.15"]
[Round "4"]
[White "Laxman, R.R."]
[Black "Malakhatko, Vadim"]
[Result "1/2-1/2"]
[WhiteElo "2443"]
[BlackElo "2552"]
[Annotator "TA"]
[PlyCount "61"]
[EventDate "2018.10.13"]
[EventType "swiss"]
[EventCountry "IND"]
[SourceTitle "playchess.com"]
[Source "ChessBase"]
[SourceQuality "1"]

{[%evp 23,61,10,10,8,10,9,2,5,9,13,19,15,14,12,12,0,0,0,8,0,12,13,11,0,0,0,0,0,0,0,0,0,0,0,0,0,0,0,0,0]} 1. d4 d5 2. Nf3 Nf6 3. c4 dxc4 4. e3 e6 5. Bxc4 c5 6. O-O a6 7. dxc5 Qxd1 8. Rxd1 Bxc5 9. Be2 Nbd7 10. Nbd2 b6 11. Nc4 Bb7 12. Bd2 {D27: Queen's Gambit Accepted: Classical main line: 7 e4!? and 7 a4} (12. b3 O-O {½-½ (12) Le,Q (2737)-Nguyen,N (2630) Riadh 2017}) 12... O-O {LiveBook: 5 Games. The position is equal.} 13. Bc3 Bd5 {[#]} 14. Nce5 $146 ({Predecessor:} 14. Nfd2 Rfc8 15. Rac1 b5 16. Na5 Bb6 {½-½ (71) Kharitonov,A (2520)-Dokutchaev,A (2440) Novgorod 1997}) 14... Nxe5 15. Nxe5 Rfc8 16. Nd3 Ne4 17. Be1 Bf8 18. f3 Nc5 19. Nxc5 Bxc5 20. Bf2 Kf8 21. e4 Bxf2+ 22. Kxf2 Bc4 23. Rd2 Bxe2 24. Kxe2 $11 {[%mdl 4096] Endgame KRR-KRR} Ke7 25. Rad1 Ra7 26. Rd3 Rc2+ 27. R1d2 Rxd2+ 28. Kxd2 Rd7 29. Rxd7+ Kxd7 30. Kd3 e5 31. Kc4 {Precision: White = 56%, Black = 89%.} 1/2-1/2

[Event "1st Goa GM Open 2018"]
[Site "Taleigao"]
[Date "2018.10.15"]
[Round "4"]
[White "Vardan Nagpal"]
[Black "Alan Diviya Raj"]
[Result "1-0"]
[WhiteElo "2433"]
[BlackElo "2127"]
[Annotator "TA"]
[PlyCount "71"]
[EventDate "2018.10.13"]
[EventType "swiss"]
[EventCountry "IND"]
[SourceTitle "playchess.com"]
[Source "ChessBase"]
[SourceQuality "1"]

{[%evp 17,71,20,34,31,70,54,103,83,103,103,108,100,107,54,44,31,74,3,10,0,0,0,0,26,103,100,105,66,276,270,372,241,446,355,546,328,326,319,788,770,1024,574,574,535,779,784,777,767,1025,1093,29988,29989,29989,29990,29998,29999]} 1. d4 Nf6 2. Nf3 e6 3. g3 b6 4. Bg2 Bb7 5. O-O Be7 6. c4 O-O 7. Nc3 d5 8. cxd5 exd5 9. Ne5 Re8 {LiveBook: 9 Games. E18: Queen's Indian: Old Main Line (4 g3 Bb7 5 Bg2 Be7 6 0-0 0-0 7 Nc3)} (9... h6 10. Bf4 Re8 11. Rc1 Na6 12. Qa4 Bf8 13. Rfd1 c5 14. dxc5 Nxc5 15. Qd4 g5 16. Be3 Bg7 17. Nf3 {½-½ (105) Yilmaz,M (2613)-Jumabayev,R (2613) Almaty 2016}) 10. Qb3 c6 11. e4 Rf8 {White is slightly better.} 12. exd5 Nxd5 $146 ({Predecessor:} 12... cxd5 13. Bg5 Nc6 14. Nxc6 Bxc6 15. Bxf6 Bxf6 16. Nxd5 Bxd5 17. Bxd5 {½-½ (55) Frombach,R-Kuerschners,S Germany 1995}) 13. Be3 Nxc3 14. bxc3 Qc7 15. f4 (15. Rfe1 $16) 15... Nd7 $14 16. Rae1 Rad8 17. Bc1 (17. c4 $16) 17... Nf6 18. g4 c5 $1 {[%cal Rc5d4]} 19. Bxb7 Qxb7 20. g5 $36 {[%mdl 2048] White fights for an advantage.} Nd5 (20... Ne4 $11 {remains equal.}) 21. c4 $16 Nb4 22. a3 Na6 $2 (22... Rxd4 $14 23. axb4 cxb4) 23. d5 $18 Nb8 24. Ng4 f6 $2 (24... f5 {was necessary.}) 25. Re6 fxg5 (25... Rd6 {is a better defense.} 26. Qe3 Rxe6 27. Qxe6+ Kh8) 26. Rfe1 Bf6 ({Inferior is} 26... Bd6 27. fxg5 Qf7 28. Qh3 $16) 27. Nxf6+ ({Weaker is} 27. fxg5 Bd4+ 28. Be3 Rf4 $14) 27... gxf6 $2 (27... Rxf6 28. Rxf6 (28. fxg5 Rxe6 29. Rxe6 Qf7 $14) 28... gxf6 29. fxg5 Qf7 30. gxf6 Nd7) 28. fxg5 fxg5 29. Bxg5 {[%cal Bc1g5,Bg5h6,Bh6f4][%mdl 32] [#] Black must now prevent Re7.} Qg7 30. Qg3 Rd7 31. Bh6 Qxg3+ 32. hxg3 Rfd8 33. R1e4 {[#] Rg4+ is the strong threat.} b5 34. Rg4+ {White mates.} Kh8 35. Bf4 h5 36. Rh6+ {Precision: White = 65%, Black = 22%.} 1-0

[Event "1st Goa GM Open 2018"]
[Site "Taleigao"]
[Date "2018.10.15"]
[Round "4"]
[White "Das, Sayantan"]
[Black "Ter-Sahakyan, Samvel"]
[Result "0-1"]
[WhiteElo "2425"]
[BlackElo "2547"]
[Annotator "TA"]
[PlyCount "68"]
[EventDate "2018.10.13"]
[EventType "swiss"]
[EventCountry "IND"]
[SourceTitle "playchess.com"]
[Source "ChessBase"]
[SourceQuality "1"]

{[%evp 15,68,-15,-14,-20,-19,-12,-20,-24,-15,-58,-54,-66,-57,-79,-79,-75,-73,-95,-102,-134,-120,-125,-110,-116,-108,-140,-137,-175,-168,-162,-143,-142,-139,-156,-94,-101,-89,-88,106,102,62,90,63,0,0,-316,-122,-188,-200,-234,-239,-309,-319,-588,-556]} 1. c4 Nf6 2. Nc3 e5 3. Nf3 Nc6 4. e3 Bb4 5. Qc2 Bxc3 6. bxc3 O-O 7. e4 {A28: English Opening: Four Knights Variation} d6 8. Be2 (8. g3 Ne8 9. Nh4 Ne7 10. d3 f5 11. exf5 Nxf5 12. Nxf5 Bxf5 13. Bg2 c6 14. h3 {1-0 (56) Carlsen,M (2843)-Topalov,V (2749) Shamkir 2018}) 8... Nh5 {LiveBook: 3 Games} 9. d3 {The position is equal.} f5 10. exf5 Bxf5 11. Be3 $146 ({Predecessor:} 11. O-O Qd7 12. c5 d5 13. Qd1 Nf6 14. d4 Rae8 {½-½ (32) Dimitrov,M (2421)-Eldridge,M (2366) ICCF email 2015}) 11... Qd7 12. g3 Rae8 13. Nh4 Bg4 14. f3 Bh3 15. O-O-O Be6 16. Ng2 Nf6 17. g4 Na5 18. Qb2 c5 19. Rhf1 Qc6 20. Qb5 Qc7 $1 21. g5 Nd7 22. f4 a6 $1 {[%cal Ra6b5]} 23. Qb2 {[#]} e4 $1 {[%mdl 512] aiming for ...Bh3.} 24. Qc2 (24. dxe4 Nxc4) 24... Bf5 (24... Bh3 $142 25. Rf2 exd3 26. Qxd3 Qc6) 25. dxe4 $17 Bxe4 26. Bd3 {[#]} Bxg2 $2 (26... Bxd3 $1 $17 {keeps the pressure on.} 27. Qxd3 Nb6 28. Qxd6 Qxd6 29. Rxd6 Na4) 27. Bxh7+ $16 Kh8 28. Qxg2 Rxe3 29. Bc2 (29. Bg6 $1 $14 Rd8 30. Rfe1 Rxc3+ 31. Kb2) 29... g6 ({Don't play} 29... Rxc3 $6 30. Rd3 $16) 30. Qf2 $2 {[%mdl 8192]} (30. Rf3 $11 {and White stays safe.} Rxf3 31. Qxf3) 30... Rxc3 $2 (30... Nxc4 $19 31. Qh4+ Kg8) 31. Qh4+ (31. Qe1 $17 {is a better defense.} Rxc4 32. Qh4+ Kg8 33. Qh6) 31... Kg8 $19 {Hoping for ...Nb6.} 32. Qh6 {[#]} Nb6 $1 33. f5 Naxc4 34. f6 $2 (34. Qxg6+ Qg7 35. Qxg7+ Kxg7 36. Rf2) 34... Qh7 {Precision: White = 56%, Black = 56%.} 0-1

[Event "1st Goa GM Open 2018"]
[Site "Taleigao"]
[Date "2018.10.15"]
[Round "4"]
[White "Akash G"]
[Black "Soham Datar"]
[Result "1-0"]
[WhiteElo "2424"]
[BlackElo "2060"]
[Annotator "TA"]
[PlyCount "67"]
[EventDate "2018.10.13"]
[EventType "swiss"]
[EventCountry "IND"]
[SourceTitle "playchess.com"]
[Source "ChessBase"]
[SourceQuality "1"]

{[%evp 24,67,0,-9,32,15,34,15,71,64,70,46,126,126,111,106,139,121,213,189,141,116,216,52,238,224,249,244,226,224,498,486,777,773,769,764,767,728,757,751,1185,668,1229,974,939,964]} 1. e4 c5 2. Nf3 d6 3. d4 cxd4 4. Nxd4 Nf6 5. Nc3 a6 6. a4 e6 7. Be2 Be7 8. O-O O-O 9. Be3 Nc6 10. f4 Qc7 11. Kh1 Re8 12. Bg1 Rb8 13. Qd3 {LiveBook: 27 Games. B85: Sicilian Scheveningen: 6 Be2 a6, lines with early Be3} Nb4 (13... e5 14. fxe5 dxe5 15. Qg3 Kh8 16. Rad1 Nxd4 17. Bxd4 Bb4 18. Rxf6 Bxc3 19. Bb6 Qe7 20. Rfd6 Bxb2 {½-½ (40) Movsesian,S (2673)-Navara,D (2725) Prague 2016}) 14. Qg3 Nd7 $146 ({Predecessor:} 14... b6 15. Rae1 Bf8 16. e5 Nd7 17. Bh5 g6 18. Nxe6 Rxe6 19. f5 Nxe5 20. fxe6 Bxe6 {0-1 (108) Jasny,S (2323)-Savitskiy,S (2245) Olomouc 2010}) 15. Rae1 {White is slightly better.} Bf8 (15... b6 $11 {keeps the balance.}) 16. e5 $16 dxe5 17. fxe5 {Black must now prevent Ne4.} Qxe5 (17... Re7 $1 $14) 18. Qh3 $1 Qa5 19. Ne4 {[%mdl 1024] White has strong compensation.} Nd5 20. Bd3 {Threatens to win with Nd6!} h6 (20... Re7 $16 {keeps fighting.}) 21. Qh5 $1 $40 {[%cal Rh5f7][%mdl 128] White has strong attack.} g6 22. Qf3 f5 (22... Re7 $16) 23. Ng3 $2 (23. Qg3 $18 Kh7 24. Ng5+ $1 {[%mdl 512]} hxg5 25. Nxe6 Rxe6 26. Rxe6 Qxa4 27. Qxg5) 23... N7f6 $2 {[#]} ({Better is} 23... N5f6 $14) 24. Ngxf5 $1 {[%mdl 512]} exf5 25. Rxe8 Nxe8 26. Qg3 $1 {[%csl LRb8,LRf5,LRg6]} Qc7 $2 ({But not} 26... Nd6 $2 27. Qxg6+ Bg7 28. Qxd6 $18) (26... Qd8 {is a better defense.}) 27. Qxg6+ {White is clearly winning.} Ng7 (27... Qg7 $142 28. Qxe8 Nc7) 28. Nxf5 Bxf5 29. Bxf5 {Threatening mate with Be6+.} Nf4 30. Qh7+ Kf7 31. g3 {[%cal Bg2g3,Bg3f4][%mdl 32]} Bd6 32. gxf4 Qc4 33. Qg6+ Kg8 34. Qxd6 {Precision: White = 66%, Black = 27%.} 1-0

[Event "1st Goa GM Open 2018"]
[Site "Taleigao"]
[Date "2018.10.15"]
[Round "4"]
[White "Gusain, Himal"]
[Black "Meftahi, Houssem"]
[Result "1-0"]
[WhiteElo "2384"]
[BlackElo "2119"]
[Annotator "TA"]
[PlyCount "65"]
[EventDate "2018.10.13"]
[EventType "swiss"]
[EventCountry "IND"]
[SourceTitle "playchess.com"]
[Source "ChessBase"]
[SourceQuality "1"]

{[%evp 14,65,7,-4,-2,0,37,29,32,1,93,83,123,129,282,268,282,281,311,318,316,324,320,319,298,293,320,202,449,445,440,447,419,388,417,442,412,420,426,488,485,477,485,484,447,461,612,593,594,550,828,489,635,521]} 1. e4 c5 2. b3 d6 3. Bb2 Nf6 4. Nc3 e6 5. Nf3 Nc6 6. d4 cxd4 {B50: Sicilian: 2...d6, Miscellaneous} 7. Nxd4 Be7 8. g3 {LiveBook: 3 Games} (8. Qd2 O-O 9. O-O-O Nxd4 10. Qxd4 Ng4 11. Kb1 Bf6 12. Qd2 Qb6 13. f3 Ne5 14. Qxd6 Qe3 {1-0 (40) Short,N (2723)-Muzychuk,M (2478) Munich 2016}) 8... O-O {The position is equal.} 9. Bg2 a6 10. Nxc6 bxc6 11. e5 {[%cal Be4e5,Be5d6][%mdl 32]} Nd5 {[#]} (11... dxe5 $11 12. O-O Qc7) 12. exd6 $1 $16 Bf6 $146 ({Predecessor:} 12... Bxd6) 13. Qd2 Qa5 $2 (13... Nxc3 $16 14. Bxc3 Bxc3 15. Qxc3 Qxd6) 14. Na4 $18 Qxd2+ 15. Kxd2 Rb8 16. c4 Bxb2 17. Nxb2 Nf6 18. Kc3 Rd8 19. Rad1 ({But not} 19. Bxc6 $6 Bd7 $18) 19... c5 20. Na4 Bb7 $2 {[#]} (20... Nd7 21. Rhe1 Bb7) 21. Bxb7 Rxb7 22. Nxc5 Rb6 23. f3 ({Not} 23. d7 Rc6 $18) 23... Rbxd6 24. Rxd6 Rxd6 {[%mdl 4096] Endgame KRN-KRN} 25. b4 Kf8 26. a4 {[%cal Ba2a4,Ba4a5][%mdl 32] White is clearly winning.} Rc6 27. a5 Ke7 28. Rd1 h5 29. h4 g6 30. Kb3 e5 31. Rd2 Rd6 32. Kc3 Ne8 33. Re2 {Precision: White = 83%, Black = 13%.} 1-0

[Event "1st Goa GM Open 2018"]
[Site "Taleigao"]
[Date "2018.10.15"]
[Round "4"]
[White "Rathnakaran, K.."]
[Black "Nayak Rajesh"]
[Result "1/2-1/2"]
[WhiteElo "2366"]
[BlackElo "2084"]
[Annotator "TA"]
[PlyCount "111"]
[EventDate "2018.10.13"]
[EventType "swiss"]
[EventCountry "IND"]
[SourceTitle "playchess.com"]
[Source "ChessBase"]
[SourceQuality "1"]

{[%evp 9,111,30,30,30,31,31,24,27,28,17,43,0,12,21,36,24,27,23,32,18,22,15,35,16,14,18,16,16,33,33,60,54,73,0,51,54,51,-14,-11,-11,-7,-3,0,-9,-8,-26,-16,-16,-21,-25,-9,-39,-39,-39,-39,-43,-33,-33,-40,-24,-25,-32,-22,-54,-2,0,0,0,8,-47,20,0,0,0,14,0,0,-45,-26,-26,-26,-26,0,-16,-11,-26,-26,-26,-7,-26,0,-8,-8,-8,-8,-8,-8,-8,-8,-8,-8,-8,-8,-8]} 1. e4 c5 2. Nf3 d6 3. c3 Nf6 4. h3 Nbd7 5. Bd3 b6 6. O-O {B50: Sicilian: 2...d6, Miscellaneous} Bb7 7. Re1 Qc7 8. Bc2 {White has an edge.} Rc8 9. a4 (9. d3 g6 10. a4 Bg7 11. Na3 O-O 12. Bg5 e5 13. Qd2 d5 {0-1 (35) Bauer,C (2623)-Korobov,A (2700) Berlin 2015}) 9... e6 10. Na3 a6 11. d3 Be7 12. Bf4 O-O 13. Rc1 Qb8 14. Bh2 $146 Rfe8 15. Nd2 Bd8 16. f4 Bc7 17. Qe2 Nf8 18. Rf1 Bc6 19. d4 Qb7 20. e5 N6d7 21. Nac4 ({White should play} 21. Bd3 $16 Qa8 22. Nf3) 21... b5 (21... cxd4 $11 22. exd6 (22. cxd4 b5 $14) 22... Bb8) 22. axb5 $14 axb5 23. Nxd6 (23. exd6 $14 Bb8 24. Na5) 23... Bxd6 $11 24. exd6 cxd4 25. cxd4 Qb6 26. Qf2 {Black must now prevent f5.} f5 $1 27. d5 Qxf2+ 28. Kxf2 Bxd5 29. Bd3 Red8 {[%cal Be8d8,Bd8d6,Bd6b6][%mdl 32]} 30. g4 Nc5 31. Bxb5 Rxd6 32. b4 Rb6 33. Rxc5 Rxc5 34. bxc5 Rxb5 35. Rc1 {White wants to play c6.} Bc6 36. Ke1 fxg4 (36... Ng6 $15) 37. hxg4 Nd7 38. Bg1 Nf6 39. Ra1 ({Better is} 39. g5 $11 Nd5 40. Nf3 Nxf4 41. Ne5) 39... Nd5 (39... Nxg4 $15 40. Ra6 Bd5) 40. Nc4 Nxf4 41. Ne5 Be4 42. Kd2 {[#] Ke3 is the strong threat.} Ng6 43. Nc4 Bd5 44. Kc3 Nf4 {Strongly threatening ...Ne2+.} 45. Re1 h6 46. Bd4 Kh7 47. Ne5 Rb3+ 48. Kd2 Rb4 49. Bc3 Rb8 (49... Ra4 $5 {[%cal Ra4a2]} 50. Ra1 Rxa1 51. Bxa1 Ng6 $11) 50. Rf1 {The position is equal.} Ng6 51. c6 {[#] Hoping for c7.} Rc8 52. Rf7 $132 {[%mdl 2048] White is fighting back} Kg8 53. Ra7 Nxe5 54. Bxe5 Rxc6 55. Rxg7+ Kf8 56. Rg6 {Precision: White = 53%, Black = 49%.} 1/2-1/2

[Event "1st Goa GM Open 2018"]
[Site "Taleigao"]
[Date "2018.10.15"]
[Round "4"]
[White "Abhishek, Kelkar"]
[Black "Lokesh, N.."]
[Result "1/2-1/2"]
[WhiteElo "2359"]
[BlackElo "2104"]
[Annotator "TA"]
[PlyCount "64"]
[EventDate "2018.10.13"]
[EventType "swiss"]
[EventCountry "IND"]
[SourceTitle "playchess.com"]
[Source "ChessBase"]
[SourceQuality "1"]

{[%evp 11,64,2,9,-22,-5,-15,-10,-15,20,0,0,-28,0,0,0,-1,8,-28,33,31,31,39,33,31,59,26,66,73,74,60,61,44,44,47,47,47,47,47,47,45,39,0,0,0,0,0,0,0,12,0,0,0,85,-4914,60]} 1. d4 Nf6 2. Bg5 d5 3. Bxf6 exf6 4. e3 Be6 5. Bd3 Bd6 6. Nd2 {D00: 1 d4 d5: Unusual lines} O-O {LiveBook: 8 Games} 7. Qh5 {[%csl Gd3][%cal Rh5h7] [#]} f5 8. Qf3 $146 {The position is equal.} ({Predecessor:} 8. Nh3 Nd7 9. Nf4 Nf6 10. Qh3 Bxf4 11. exf4 Qd6 12. g3 Ne4 13. f3 Nxd2 14. Kxd2 {0-1 (26) Biriukov,I (2343)-Belov,V (2553) St Petersburg 2003}) 8... Qf6 9. Ne2 c5 10. c3 Nc6 11. a3 Rfe8 12. g3 Rac8 13. O-O g5 14. Qg2 Kh8 (14... c4 $11 15. Bxc4 dxc4) 15. dxc5 $14 Bxc5 16. Nf3 Rg8 17. Rad1 Rg7 18. Nfd4 f4 19. exf4 {And now f5 would win.} ({Reject} 19. Nxe6 $6 f3 $11) 19... gxf4 20. Nxf4 ({Of course not} 20. Nxe6 f3 $11) 20... Bxd4 21. cxd4 {Threatens to win with Nh5.} Qxf4 $1 22. gxf4 Rxg2+ 23. Kxg2 {[#] Black must now prevent Bb1.} Rg8+ 24. Kh1 Bh3 $1 {[%cal Rh3g2] ( -> ...Bg2+)} 25. Rg1 Bg4 $1 {[%cal Rg4f3] ...Bf3+ is the strong threat.} 26. Rxg4 (26. h3 {looks sharper.} Bf3+ 27. Kh2 Bxd1 28. Rxd1 Nxd4 29. Be4) 26... Rxg4 27. Bb5 Rxf4 28. Bxc6 bxc6 {KR-KR} 29. Kg2 Re4 30. Rc1 Rxd4 31. Rxc6 Rd3 (31... a5 $11) 32. Rb6 $2 {[%mdl 8192]} (32. Rc7 $16) 32... Rd2 $2 {Precision: White = 39%, Black = 44%.} ({Better is} 32... axb6 $19 33. Kf1 Rb3) 1/2-1/2